000 00660nam a2200205 a 4500
999 _c2679
_d2679
001 2679
003 BD-JhCC
005 20171105211917.0
008 171105b xxu||||| |||| 00| 0 eng d
035 _a(BD-JhCC)2679
040 _aBD-JhCC
_dBD-JhCC
041 _aben
082 _a891.442
_bCHO
245 _aযুগলাঙ্গুরীয় ও রাধারাণী /
_cবঙ্কিমচন্দ্র চট্টোপ্যাধ্যায়
260 _aঢাকা :
_bইষ্ট বেঙ্গল পাবলিশার্স,
300 _a36 p. :
_c18 cm
650 _aBengali Drama
942 _2ddc
_cBK